000 02108nas a2200277Ia 4500
001 R052-S5723
003 IT-CnALBA
008 170116c99999999xx |||||||||||| ||und||
040 _aIT-CnALBA
_cIT-CnALBA
041 _aITALIANO
100 _aDI STEFANO ALFREDO
210 _aLITURGIA
222 _aLITURGIA
245 0 _aLITURGIA. APRILE 1995. N. 112. RIVISTA CAL. NUOVA SERIE. PASQUA DELLA COMUNITÀ DEL RISORTO.
_b RIVISTA CAL
250 _a1a ed.
260 _a ROMA
_bCAL, CENTRO AZIONE LITURGICA
_c1995 [1° Ed.:1995 - Ed.Ling.Originale: 1995]
300 _a74 p. (prefazione: 4)
310 _aMENSILE
362 _aFascicolo: 4 / Anno: 28 (1995)
500 _aSPIRITUALITÀ EUCARISTICA DELLA CHIESA E DELLA VITA CRISTIANA, BRANDOLINI L. EVANGELIZZAZIONE CON I TESTI LITURGICI, SIRBONI S. LITURGIA E NUOVA EVANGELIZZAZIONE, DELLA TORRE E. ORIENTAMENTI E NORME PER LA PROMOZIONE SCELTA E FORMAZIONE DEI DIACONI PERMANENTI, MONDELLO V. I PROTAGONISTI DEL CANTO LITURGICO, GUGLIELMI L. LE PROVE DEI CANTI, INDICAZIONI, MAREGGINI G. BASILICATA, A TRENTA ANNI DALLA SACROSANTUM CONCILIUM, RUPPI G. XXXVI CONVEGNO LITURGICO PASTORALE DELL'OPERA DELLA REGALITÀ. L'USO DELLA CHITARRA IN LITURGIA, COMBARDI F. FORME MUSICALI DEL CANTO LITURGICO, ORLANDINI G. INSERTO MUSICALE.
501 _aSocietà San Paolo EM - Piazza San Paolo, 14 - 12051 ALBA (CN) (non commercial uses only) ® Copyright 2017
520 _aSPIRITUALITÀ EUCARISTICA DELLA CHIESA E DELLA VITA CRISTIANA, BRANDOLINI L. EVANGELIZZAZIONE CON I TESTI LITURGICI, SIRBONI S. LITURGIA E NUOVA EVANGELIZZAZIONE, DELLA TORRE E. ORIENTAMENTI E NORME PER LA PROMOZIONE SCELTA E FORMAZIONE DEI DIACONI PERMANENTI, MONDELLO V. I PROTAGONISTI DEL CANTO LITURGICO, GUGLIELMI L. LE PROVE DEI CANTI, INDICAZIONI, MAREGGINI G. BASILICATA, A TRENTA ANNI DALLA SACROSANTUM CONCILIUM, RUPPI G. XXXVI CONVEGNO LITURGICO PASTORALE DELL'OPERA DELLA REGALITÀ. L'USO DELLA CHITARRA IN LITURGIA, COMBARDI F. FORME MUSICALI DEL CANTO LITURGICO, ORLANDINI G. INSERTO MUSICALE.
650 _aCULTO PUBBLICO LITURGIA
942 _cCR
957 _71
999 _a67830
_bNO
_g1
_c333893
_d333893